000 00244nam a22001217a 4500
020 _a9780593078754
082 _a813 BRO
100 _aBrown, Dan
_99885
245 _aOrigin
260 _aLONDON
_bBANTAM
_c2017
300 _a461P
942 _cBK
999 _c576615
_d576615